000 01460nam a22003617a 4500
003 CHAP
005 20220329142344.0
008 000918d2000 mx rs o00110 spa d
010 _a82254
011 _a83226
020 _a9701328043
035 _a93737
040 _cCHAP
082 0 4 _a338.456
_bI57 1990-98
110 2 _aInstituto Nacional de Estadística, Geografía e Informática. México
_959304
245 1 0 _aSistema de cuentas nacionales de México :
_bla producción, salarios, empleo y productividad de la industria maquiladora de exportación
_c/por Instituto Nacional de Estadística, Geografía e Informática
260 _aAguascalientes, Ags. :
_bInstituto Nacional de Estadística, Geografía e Informática,
_cc.2000.
300 _a321 p. :
_bgráfs. ; cuadros
590 _aBATCH-UPD
_b10
_c20130110
_lUCH01
_h0232
590 _aBATCH-UPD
_b10
_c20130110
_lUCH01
_h1604
590 _aBATCH-UPD
_b10
_c20130409
_lUCH01
_h2256
590 _aBATCH-UPD
_b10
_c20130410
_lUCH01
_h1254
590 _aBATCH-UPD
_b10
_c20130914
_lUCH01
_h1301
590 _aCONVERSION
_b10
_c20130109
_lUCH01
_h1346
650 1 4 _aEmpleo
_zMéxico.
_936587
650 1 4 _aExportación e importación.
_939074
650 1 4 _aIndustria maquiladora
_zMéxico.
_957903
650 1 4 _aSalarios
_zMéxico.
_9101273
901 _aBK
905 _aPatricia Mendoza P.
942 _cLIBRO
949 _a338.456 I57 1990-98
_bBC
_cINEGI
_d33724000784435
_eINEGI
_h98098
_i93737
_kDonaciØn
_sb
999 _c82254
_d82254